| 000 | 00407nam a2200157 a 4500 | ||
|---|---|---|---|
| 005 | 20140412111425.0 | ||
| 008 | 070725s19uu xx 00 eng d | ||
| 020 | _a983-148-097-x | ||
| 050 |
_aER _bSn1 2005 |
||
| 245 | _aSnow white and the seven dwarfs. | ||
| 260 |
_aMalaysia : _bKohwai and Young, _c2005. |
||
| 300 | _a16 | ||
| 440 | _afavourite fairy tales | ||
| 650 | _afairytales | ||
| 999 |
_c106211 _d106211 |
||